Регионална библиотека "Любен Каравелов" - Русе

The Complete Piano Sonatas And Variations [CD аудио] (Запис номер 216558)

MARC детайли
000 -Лидер
Контролно поле с фиксирана дължина 01766njm a2200433 c 4500
003 - Код на организацията, давaща контролен номер
Контролно поле BLK
005 - Дата и час на последна редакция
Контролно поле 20250128005543.0
008 - Елементи от данни с фиксирана дължина
fixed length control field 180410b bul||n||s|||||||| n|bulo|
010 ## - Наследен системен номер
LC control number CDD00000489000
040 ## - Източник на каталожния запис
Идентификатор на билиотеката - собственик на записа BLK
041 ## - Код за език
Код за езика на текст/звукозапис или на отделно заглавие Немски
Код за езика КДБФ Немски
080 ## - УДК
Текстов определител УДК Сонати за пиано
УДК код - определител по УДК 786.2.082.2
УДК определител
УДК - код + определител 786.2.082.2
100 ## - Редна дума - Автор
Автор Моцарт, Волфганг Амадеус
Дати, свързани с автора 1756 - 1791
R(LIN) 368558
139 ## - Редно поле
Редна дума Моцарт, Волфганг Амадеус
Авторски знак Мот - М 93
245 10 - Сведения за заглавието
Заглавие The Complete Piano Sonatas And Variations [CD аудио]
Подзаглавни данни CD 1-8
Редно поле (дума) Волфганг Амадеус Моцарт; * Wolfgang Amadeus Mozart; пиано Daniel Barenboim.
Том CD 8
246 11 - Различни форми на заглавието
Паралелно заглавие Die samtlichen Klaviersonaten und Variationen
257 ## - Страна на издаване
Страна на създаване/издаване Германия
260 ## - Област на издателските данни
-- S. l.
Име на издателя, разпространителя и проч. EMI Classics
Година на издаване 2000
300 ## - Физическа характеристика
Размери/Мащаб 12 cm.
Тип мерна единица бр. в к-т
Количество на мерната единица 1 CD
380 ## - Жанр
Жанр Изкуство
505 ## - Форматирана забележка
Подзаглавни данни K455
Заглавие Variations on les hommes pieusement from La rencontre imprevue by Gluck
505 ## - Форматирана забележка
Подзаглавни данни K500
Заглавие Variations on a Original Theme
505 ## - Форматирана забележка
Подзаглавни данни K54(547b)
Заглавие Variations on an Original Theme
505 ## - Форматирана забележка
Подзаглавни данни K573
Заглавие Variations on a Minuet by J.P.Duport
505 ## - Форматирана забележка
Подзаглавни данни K613
Заглавие Variations on Ein Weib ist das herrlichste Ding by B.Schanck from Schikaneder's Der dumme Gartner
650 #0 - Допълнително описание по предмет – тема
Основно описание – тема или топоним Пиано - сонати, сонатини
9 (RLIN) 277457
653 ## - Ключова дума – ненормативна
Ключова дума пиано
653 ## - Ключова дума – ненормативна
Ключова дума сонати
653 ## - Ключова дума – ненормативна
Ключова дума вариации
700 ## - Други автори (авторска отговорност)
Лично име Mozart, Wolfgang Amadeus
Дати, свързани с автора 1756 - 1791
9 (RLIN) 386874
700 1# - Други автори (авторска отговорност)
Лично име Barenboim, Daniel
Автороска отговорност (Описва отношението между автора и произведението) пиано
9 (RLIN) 4462
760 1# - Описание на основната серия
Редна дума на основното описание Моцарт, Волфганг Амадеус
Страници - том 64мин. 30сек.
Заглавие CD 8
852 ## - Местоположение
Форматна сигнатура Цб CD 1948
Част 5
856 4# - Електронен адрес и достъп
Електронен формат pdf - файл
Път до файла /url/
856 4# - Електронен адрес и достъп
Електронен формат pdf - файл
Път до файла /url/
942 ## - АРТИКУЛИ
Вид на библиотечния материал Компактдискове
Скрит в OPAC Не
944 ## - СЪЗДАВАНЕ И РЕДАКЦИЯ на ЗАПИСА
Създаване/Редакция Създаване
Дата на регистрацията/редакция 23.10.2008
Служител, извършил регистрацията/редакцията
Статус, дата на статуса CRON CRON
944 ## - СЪЗДАВАНЕ И РЕДАКЦИЯ на ЗАПИСА
Създаване/Редакция Редакция
Дата на регистрацията/редакция 23.10.2008
Служител, извършил регистрацията/редакцията
999 ## - СИСТЕМНИ КОНТРОЛНИ НОМЕРА
Koha biblionumber 216558
Koha biblioitemnumber 216558
Наличности
Код за отписване Код за изгубен артикул Източник на класификационната схема Код за повреда Коз за рестрикции Код за отдаване Артикулен № Име на библиотеката - собственик Име на библиотеката, в която се намира в момента Статус (Текущо местоположение) Дата на вписване в системата Местоположение - отдел Цена в лева Инвентарен номер Систематично азбучна сигнатура Баркод Номер на екземпляра Цена в евро Служебна бележка Служебен тип на артикула
  Не е изгубен Universal Decimal Classification Не е повреден без рестрикции заемане за дома 387927 Регионална библиотека "Любен Каравелов" Русе Регионална библиотека "Любен Каравелов" Русе Отдел Изкуство - подръчен фонд 2000-01-01 Отдел Изкуство - подръчен фонд 6.00 120000905794 780.616/М 93 W 120000905794 1 3.07 Дост: DA Вид: А Дата: 01.01.2000 Компактдискове
Vip Innovations Ltd, Rousse, Bulgaria 2025